书目信息 |
| 题名: |
文娱写真
|
|
| 作者: | 李小甘 著 | |
| 分册: | ||
| 出版信息: | 深圳 海天出版社 1996 |
|
| 页数: | 214页 | |
| 开本: | 18cm | |
| 丛书名: | 香港风情丛书 | |
| 单 册: | ||
| 中图分类: | G127.658 | |
| 科图分类: | ||
| 主题词: | 文娱活动--香港 , 文化生活--香港 | |
| 电子资源: | ||
| ISBN: | 7-80615-601-1 | |
| 000 | 00735nam2 2200265 450 | |
| 001 | 0100619101 | |
| 005 | 20100727100939.0 | |
| 010 | @a7-80615-601-1@dCNY8.80 | |
| 011 | @a7-80615-601-1 | |
| 100 | @a20021005d1996 em y0chiy0110 ea | |
| 101 | 0 | @achi |
| 102 | @aCN@b440000 | |
| 105 | @ay zg 000yd | |
| 106 | @ar | |
| 200 | 1 | @a文娱写真@9Wen Yu Xie Zhen @e荧光 幕影 “无厘头”@f李小甘著@b专著 |
| 210 | @a深圳@c海天出版社@d1996 | |
| 215 | @a214页@d18cm | |
| 225 | 2 | @a香港风情丛书 |
| 410 | 0 | @12001 @a香港风情丛书 |
| 606 | 0 | @a文娱活动@y香港 |
| 606 | 0 | @a文化生活@y香港 |
| 690 | @aG127.658@v3 | |
| 701 | 0 | @a李小甘@f(1960~)@9li xiao gan@4著 |
| 801 | 0 | @aCN@bAiZhiMarc@c19980121 |
| 905 | @aBZT@dG127.658@e8@f3@sG127.658/8 | |
| 文娱写真:荧光 幕影 “无厘头”/李小甘著.-深圳:海天出版社,1996 |
| 214页;18cm.-(香港风情丛书) |
| ISBN 7-80615-601-1:CNY8.80 |
| ● |
| 相关链接 |
|
|
|
正题名:文娱写真
索取号:G127.658/8
 
预约/预借
| 序号 | 登录号 | 条形码 | 馆藏地/架位号 | 状态 | 备注 |
| 1 | 2000098440 | 2000098440 | 旧书回溯/ [索取号:G127.658/8] | 在馆 | |
| 2 | 2000098441 | 2000098441 | 旧书回溯/ [索取号:G127.658/8] | 在馆 | |
| 3 | 2000098442 | 2000098442 | 旧书回溯/ [索取号:G127.658/8] | 在馆 |